000 00507nam a22001577a 4500
008 170424b xxu||||| |||| 00| 0 eng d
020 _a 9712705412
082 _21996
_aDFil 899.2104
_bSa5
100 _920123
_aSan Juan, E., Jr.
245 _aMediations:
_bfrom a Filipino perspective/
_cE. San Juan, Jr.
260 _aPasig City:
_bAnvil Publishing, Inc.,
_cc1996.
300 _avii,224 pages;
_c23 cm.
500 _aIncludes notes.
650 0 _920122
_aPhilippine literature -- Essays.
942 _2ddc
_cDFIL
999 _c6645
_d6645